| 000 | 00572cam a2200205 4500 | ||
|---|---|---|---|
| 001 | J62013 | ||
| 008 | 000000n2000 000 0 eng u | ||
| 035 | _a(Sirsi) u109174 | ||
| 041 | _aeng | ||
| 050 | _a711.552 | ||
| 110 |
_aBritish Council of Shopping Centres _91982 |
||
| 245 | _aShopping centre progress 2000-2001 | ||
| 260 |
_aLondon _bEstates Gazette _c2000 |
||
| 300 | _a227p. : ill. ; 30cm. | ||
| 650 | _aRETAILING | ||
| 650 | _aSHOPPING CENTRES | ||
| 690 | _aPROPERTY-COMMERCIAL PROPERTY-RETAIL PROPERTY | ||
| 710 |
_aEstates Gazette _9298 |
||
| 942 | _n0 | ||
| 999 |
_c100891 _d100891 |
||